| 000 | 01322nam0a22003371 4500 | ||
|---|---|---|---|
| 001 | rc\2172319 | ||
| 005 | 20260406115001.0 | ||
| 035 | _a(NLR Aleph) 006524231 | ||
| 090 |
_a6463582 _c6463582 |
||
| 100 | _a20110826d1979 |||y0rusy50 ca | ||
| 101 | 0 | _arus | |
| 102 | _aRU | ||
| 105 | _ay z |||h| | ||
| 200 | 1 |
_aАкадемия наук Молдавской ССР _eПособие по развитию навыков уст. речи _eФр. яз. _fСост. М.С. Жунгиету |
|
| 210 |
_aКишинев _cШтиинца _d1979 |
||
| 215 |
_a52 с. _d21 |
||
| 300 | _aВ надзаг.: АН МССР, Каф. иностр. яз. | ||
| 300 | _aНа обл. сост. не указан | ||
| 320 | _aБиблиогр.: с. 51 (8 назв.) | ||
| 601 | 0 | 2 |
_aАН МССР _cКишинев _jХрестоматии на иностранных языках _2psbo |
| 606 |
_aФранцузский язык _jХрестоматии _2psbo |
||
| 686 |
_aШ147.11-933.05 _2rubbk |
||
| 700 | 1 |
_aЖунгиету _bМ.С. _gМария Саввовна |
|
| 712 | 0 | 2 |
_aАН МССР _cКишинев _3RU\NLR\AUTH\8811269 _9295229 |
| 801 | 0 |
_aRU _bNLR _gpsbo |
|
| 801 | 1 |
_aRU _bELAR _2rusmarc |
|
| 852 |
_aNLR _j79-6/2098 |
||
| 899 |
_aRuMoRGB _jB 79-30/1759 |
||
| 899 |
_aRuMoRGB _jB 79-30/1760 |
||
| 942 | _cBOOK | ||
| 980 | _aNB | ||